[Event "WYCC 2018 G18"]
[Site "Halkidiki"]
[Date "2018.10.21"]
[Round "2"]
[White "Koehler, Inken"]
[Black "Cibikova, Sofia Anna"]
[Result "1/2-1/2"]
[WhiteElo "1934"]
[BlackElo "1809"]
[Annotator "NA"]
[PlyCount "63"]
[EventDate "2018.10.20"]
[EventType "swiss"]
[EventCountry "GRE"]
[SourceTitle "playchess.com"]
[Source "ChessBase"]
[SourceQuality "1"]
[TimeControl "40/5400+30:1800+30"]

1. e4 {[%emt 0:00:00]} c5 {[%emt 0:00:00]} 2. Nf3 {[%emt 0:00:00]} e6 {[%emt 0:00:00]} 3. d4 {[%emt 0:00:00]} cxd4 {[%emt 0:00:00]} 4. Nxd4 {[%emt 0:00:00]} Nf6 {[%emt 0:00:18]} 5. Nc3 {[%emt 0:00:08]} Nc6 {[%emt 0:00:18]} 6. Ndb5 {[%emt 0:00:31]} Bb4 {[%emt 0:00:52]} 7. a3 {[%emt 0:00:55]} Bxc3+ {[%emt 0:00:34]} 8. Nxc3 {[%emt 0:00:07]} d5 {[%emt 0:01:05]} 9. exd5 {[%emt 0:01:16]} exd5 {[%emt 0:00:41]} 10. Bd3 {[%emt 0:01:09]} d4 {[%emt 0:03:24]} 11. Ne2 {[%emt 0:01:05]} Bg4 {[%emt 0:03:30]} 12. O-O {[%emt 0:04:10]} O-O {[%emt 0:02:08]} 13. f3 {[%emt 0:03:35]} Bh5 {[%emt 0:02:40]} 14. Nf4 {[%emt 0:00:38]} Bg6 $11 {[%emt 0:05:41] LiveBook: 42 Games} 15. Nxg6 {[%emt 0:00:22]} hxg6 {[%emt 0:00:10]} 16. Bg5 {[%emt 0:04:33]} Qd6 {[%emt 0:05:45]} 17. Re1 {[%emt 0:06:09]} Rfe8 {[%emt 0:05:46]} 18. Qd2 {[%emt 0:02:01]} a6 {[%emt 0:08:13]} 19. Bh4 {[%emt 0:07:40]} Nd5 {[%emt 0:09:42]} 20. Bf2 {[%emt 0:05:16]} Qc5 {[%emt 0:09:14]} 21. Be4 {[%emt 0:09:23]} Rad8 {[%emt 0:05:12]} 22. Bxd5 {[%emt 0:06:17]} Qxd5 {[%emt 0:01:59]} 23. Rxe8+ {[%emt 0:00:24]} Rxe8 {[%emt 0:00:10]} 24. Rd1 {[%emt 0:01:20]} Qc4 {[%emt 0:05:38]} 25. Qd3 {[%emt 0:06:37]} Qxd3 {[%emt 0:01:56]} 26. Rxd3 {[%emt 0:00:22]} Re2 {[%emt 0:01:16]} 27. Bxd4 {[%emt 0:01:28]} Nxd4 {[%emt 0:01:24]} 28. Rxd4 {[%emt 0:00:06]} Rxc2 {[%emt 0:00:06]} 29. Rb4 {[%emt 0:05:52]} b5 {[%emt 0:01:31]} 30. a4 {[%emt 0:00:37]} bxa4 {[%emt 0:00:21]} 31. Rxa4 {[%emt 0:00:27]} Rxb2 {[%emt 0:00:31]} 32. Rxa6 {[%emt 0:00:06]} 1/2-1/2

[Event "WYCC 2018 G18"]
[Site "Halkidiki"]
[Date "2018.10.21"]
[Round "2"]
[White "Vlkova, Anezka"]
[Black "Perry, Tal"]
[Result "0-1"]
[WhiteElo "1925"]
[BlackElo "1702"]
[Annotator "NA"]
[PlyCount "68"]
[EventDate "2018.10.20"]
[EventType "swiss"]
[EventCountry "GRE"]
[SourceTitle "playchess.com"]
[Source "ChessBase"]
[SourceQuality "1"]
[TimeControl "40/5400+30:1800+30"]

1. e4 e5 {[%emt 0:00:00]} 2. Nf3 {[%emt 0:00:00]} Nc6 {[%emt 0:00:00]} 3. Bc4 {[%emt 0:00:00]} Nf6 {[%emt 0:00:06]} 4. d3 {[%emt 0:00:00]} Bc5 {[%emt 0:00:07]} 5. c3 {[%emt 0:00:21]} d6 {[%emt 0:00:10]} 6. Bg5 {[%emt 0:00:10]} h6 {[%emt 0:00:15]} 7. Bh4 {[%emt 0:00:03]} g5 {[%emt 0:00:16]} 8. Bg3 {[%emt 0:00:05]} a6 {[%emt 0:01:06]} 9. Nbd2 {[%emt 0:04:05]} Qe7 {[%emt 0:06:01]} 10. Bb3 {[%emt 0:02:28]} Be6 {[%emt 0:00:31]} 11. Qe2 {[%emt 0:02:02]} O-O-O {[%emt 0:01:31]} 12. O-O-O {[%emt 0:02:21]} Ba7 {[%emt 0:04:05]} 13. Nc4 {[%emt 0:06:17]} Bxc4 {[%emt 0:04:59]} 14. dxc4 {[%emt 0:06:19]} Rdf8 {[%emt 0:15:58]} 15. Ne1 {[%emt 0:03:11]} Nxe4 {[%emt 0:12:02]} 16. Qxe4 {[%emt 0:07:35]} f5 {[%emt 0:00:08]} 17. Qd5 {[%emt 0:03:30]} f4 {[%emt 0:00:24]} 18. Ba4 $11 {[%emt 0:09:45]} Nd8 {[%emt 0:02:00]} 19. f3 {[%emt 0:02:32]} fxg3 {[%emt 0:00:15]} 20. hxg3 {[%emt 0:00:15]} Bf2 {[%emt 0:03:20]} 21. Rh3 {[%emt 0:05:41]} g4 {[%emt 0:03:43]} 22. Rh5 {[%emt 0:14:13]} gxf3 {[%emt 0:00:54]} 23. gxf3 {[%emt 0:02:13]} Bxg3 {[%emt 0:03:35]} 24. Nd3 {[%emt 0:05:35]} Qf6 {[%emt 0:02:14]} 25. Rf1 {[%emt 0:02:07]} Ne6 {[%emt 0:07:34]} 26. Bc2 {[%emt 0:04:58]} Ng5 {[%emt 0:02:32]} 27. Nb4 {[%emt 0:11:26]} Qf4+ {[%emt 0:03:19]} 28. Kb1 {[%emt 0:00:07]} e4 {[%emt 0:03:11]} 29. Qa5 {[%emt 0:04:53]} e3 {[%emt 0:04:41]} 30. Bd3 {[%emt 0:00:48]} Qf7 {[%emt 0:06:38]} 31. Nd5 {[%emt 0:00:12]} Re8 {[%emt 0:00:38]} 32. Be2 {[%emt 0:01:03]} Ne6 {[%emt 0:01:32]} 33. Rh3 {[%emt 0:00:23]} Qf5+ {[%emt 0:00:17]} 34. Ka1 {[%emt 0:01:06]} Qxh3 {[%emt 0:00:12]} 0-1

[Event "WYCC 2018 G18"]
[Site "Halkidiki"]
[Date "2018.10.21"]
[Round "2"]
[White "Kieu, Bich Thuy"]
[Black "Salas Estrada, Ana Paola"]
[Result "1-0"]
[WhiteElo "1913"]
[BlackElo "1665"]
[Annotator "NA"]
[PlyCount "67"]
[EventDate "2018.10.20"]
[EventType "swiss"]
[EventCountry "GRE"]
[SourceTitle "playchess.com"]
[Source "ChessBase"]
[SourceQuality "1"]
[TimeControl "40/5400+30:1800+30"]

1. d4 Nf6 2. c4 e6 3. Nc3 Bb4 4. e3 b6 5. Nge2 Ba6 6. a3 Be7 7. Ng3 d5 8. b3 O-O 9. Be2 Nc6 10. O-O dxc4 11. Bxc4 Bxc4 12. bxc4 $15 Na5 13. Qd3 Qc8 14. Nb1 Qa6 15. Nd2 c5 16. Bb2 Rfd8 17. Qe2 Rd7 18. Rac1 Rad8 19. Rfd1 cxd4 20. exd4 Nc6 21. Nf3 Na5 22. Ne5 Rc7 23. Rc3 Nd7 24. d5 Nxe5 25. Qxe5 Qc8 26. Nh5 f6 27. Qg3 Bd6 28. Nxf6+ Kh8 29. Qh4 gxf6 30. Qxf6+ Rg7 31. Rg3 Rdg8 32. Rxg7 Qf8 33. Rf7+ Qg7 34. Rxg7 1-0

[Event "WYCC 2018 G18"]
[Site "Halkidiki"]
[Date "2018.10.21"]
[Round "2"]
[White "Tsivelekidou, Evgenia"]
[Black "Rakic, Tijana"]
[Result "1/2-1/2"]
[WhiteElo "1891"]
[BlackElo "1651"]
[Annotator "NA"]
[PlyCount "70"]
[EventDate "2018.10.20"]
[EventType "swiss"]
[EventCountry "GRE"]
[SourceTitle "playchess.com"]
[Source "ChessBase"]
[SourceQuality "1"]
[TimeControl "40/5400+30:1800+30"]

1. d4 {[%emt 0:00:00]} Nf6 {[%emt 0:00:29]} 2. c4 {[%emt 0:00:00]} c5 {[%emt 0:00:18]} 3. Nf3 {[%emt 0:00:00]} b5 {[%emt 0:01:57]} 4. cxb5 {[%emt 0:02:20]} a6 {[%emt 0:02:55]} 5. dxc5 {[%emt 0:07:07]} Qa5+ {[%emt 0:07:18]} 6. Bd2 {[%emt 0:06:33]} Qxb5 {[%emt 0:04:15]} 7. Qc2 {[%emt 0:08:48]} e6 {[%emt 0:02:15]} 8. b4 {[%emt 0:05:40]} Nc6 {[%emt 0:06:21]} (8... a5 $14) 9. a3 {[%emt 0:04:07]} Qb8 {[%emt 0:04:36]} 10. e3 {[%emt 0:17:23]} Be7 {[%emt 0:05:25]} 11. Nc3 {[%emt 0:02:57]} O-O {[%emt 0:01:54]} 12. Be2 $16 {[%emt 0:02:38]} Bb7 {[%emt 0:08:57]} 13. O-O {[%emt 0:04:04]} a5 {[%emt 0:05:56]} 14. Na4 {[%emt 0:06:01]} axb4 {[%emt 0:09:13]} 15. axb4 {[%emt 0:00:12]} Nd5 {[%emt 0:09:05]} 16. b5 {[%emt 0:02:50]} Ne5 {[%emt 0:01:22]} 17. Nd4 {[%emt 0:03:04]} Rc8 {[%emt 0:06:52]} 18. f4 {[%emt 0:07:57]} Ng6 {[%emt 0:02:37]} 19. c6 {[%emt 0:01:49]} dxc6 {[%emt 0:00:11]} 20. bxc6 {[%emt 0:00:51]} Ba6 {[%emt 0:00:49]} 21. Bxa6 {[%emt 0:02:01]} Rxa6 {[%emt 0:01:54]} 22. Rab1 {[%emt 0:01:59]} Qa8 {[%emt 0:04:33]} 23. Nc3 {[%emt 0:01:51]} Nxc3 {[%emt 0:01:21]} 24. Qxc3 {[%emt 0:01:57]} Bf6 {[%emt 0:00:40]} 25. c7 {[%emt 0:02:22]} Bxd4 {[%emt 0:01:17]} 26. exd4 {[%emt 0:03:45]} Rc6 {[%emt 0:01:22]} 27. Rb8 {[%emt 0:01:20]} Rxc3 {[%emt 0:01:22]} 28. Rxa8 {[%emt 0:00:24]} R3xc7 {[%emt 0:00:21]} 29. Rxc8+ {[%emt 0:00:26]} Rxc8 {[%emt 0:00:05]} 30. f5 {[%emt 0:00:22]} exf5 {[%emt 0:00:44]} 31. Rxf5 {[%emt 0:00:15]} Rd8 {[%emt 0:03:20]} 32. Bc3 {[%emt 0:00:59]} Ne7 {[%emt 0:00:29]} 33. Re5 {[%emt 0:00:35]} Ng6 {[%emt 0:03:11]} 34. Rb5 {[%emt 0:01:09]} f6 {[%emt 0:01:02]} 35. Rb7 {[%emt 0:01:43]} Nf4 {[%emt 0:00:40]} 1/2-1/2

[Event "WYCC 2018 G18"]
[Site "Halkidiki"]
[Date "2018.10.21"]
[Round "2"]
[White "Dong, Khanh Linh"]
[Black "Ramirez Toledo, Ayleen Maribel"]
[Result "1-0"]
[WhiteElo "1879"]
[BlackElo "1545"]
[Annotator "NA"]
[PlyCount "39"]
[EventDate "2018.10.20"]
[EventType "swiss"]
[EventCountry "GRE"]
[SourceTitle "playchess.com"]
[Source "ChessBase"]
[SourceQuality "1"]
[TimeControl "40/5400+30:1800+30"]

1. d4 {[%emt 0:00:00]} Nf6 {[%emt 0:00:00]} 2. Nf3 {[%emt 0:00:00]} g6 {[%emt 0:00:00]} 3. c4 {[%emt 0:00:01]} Bg7 {[%emt 0:00:00]} 4. Nc3 {[%emt 0:00:04]} d6 {[%emt 0:00:06]} 5. e4 {[%emt 0:00:05]} O-O {[%emt 0:00:05]} 6. Be2 {[%emt 0:00:04]} Nbd7 {[%emt 0:00:46]} 7. O-O {[%emt 0:00:46]} e5 {[%emt 0:00:34]} 8. dxe5 {[%emt 0:00:19]} Nxe5 {[%emt 0:02:16]} 9. Nxe5 {[%emt 0:01:34]} dxe5 {[%emt 0:00:07]} 10. Qxd8 {[%emt 0:04:41]} Rxd8 {[%emt 0:00:02]} 11. Bg5 {[%emt 0:00:31]} c6 {[%emt 0:21:35]} 12. f4 {[%emt 0:09:23]} Re8 $16 {[%emt 0:02:12] [#]} (12... h6 $11 {remains equal.} 13. fxe5 hxg5 14. exf6 Bf8) 13. f5 $1 {[%emt 0:06:18]} gxf5 {[%emt 0:16:34]} 14. exf5 {[%emt 0:01:40]} a5 {[%emt 0:16:12]} 15. Rad1 {[%emt 0:03:55]} a4 {[%emt 0:12:35]} 16. Rd6 {[%emt 0:03:59]} Nd7 {[%emt 0:00:25]} 17. Ne4 {[%emt 0:12:32]} Rb8 {[%emt 0:09:53]} 18. Rf3 {[%emt 0:03:25]} b5 {[%emt 0:05:46]} 19. Rg3 {[%emt 0:02:37]} Kh8 {[%emt 0:01:27]} 20. Bh5 {[%emt 0:06:11]} 1-0

[Event "WYCC 2018 G18"]
[Site "Halkidiki"]
[Date "2018.10.21"]
[Round "2"]
[White "Nemcova, Kamila"]
[Black "Rozman, Monika"]
[Result "0-1"]
[WhiteElo "1879"]
[BlackElo "2141"]
[Annotator "NA"]
[PlyCount "58"]
[EventDate "2018.10.20"]
[EventType "swiss"]
[EventCountry "GRE"]
[SourceTitle "playchess.com"]
[Source "ChessBase"]
[SourceQuality "1"]
[TimeControl "40/5400+30:1800+30"]

1. c4 {[%emt 0:00:00]} Nf6 {[%emt 0:01:43]} 2. Nc3 {[%emt 0:00:00]} d5 {[%emt 0:00:38]} 3. cxd5 {[%emt 0:01:25]} Nxd5 {[%emt 0:00:06]} 4. Qa4+ {[%emt 0:01:35] A16: English Opening: 1...Nf6 with ...d5} (4. Nf3 g6 5. Qb3 Nb6 6. d4 Bg7 7. Bf4 Be6 8. Qa3 O-O 9. e3 N8d7 10. Rd1 c6 11. Ng5 Bf5 12. e4 Bg4 13. Be2 Bxe2 14. Nxe2 Qe8 {1-0 (32) Duda,J (2739)-Ivanchuk,V (2710) Batumi 2018}) 4... c6 {[%emt 0:02:31]} 5. Nf3 {[%emt 0:09:23]} Nb6 {[%emt 0:02:58]} 6. Qh4 {[%emt 0:02:27]} Na6 $146 {[%emt 0:07:47]} ({Predecessor:} 6... Bf5 7. e4 Bg6 8. Ne5 Qd6 9. f4 h6 10. Be2 N8d7 11. Nxg6 Qxg6 {½-½ (43) Schnitzspan,L (2365)-Pieper Emden,C (2345) Gladenbach 1996}) 7. d3 {[%emt 0:10:12]} Bd7 {[%emt 0:05:47]} 8. Ne5 {[%emt 0:19:07]} Be6 {[%emt 0:04:57]} 9. Bd2 {[%emt 0:09:33]} g6 {[%emt 0:04:27]} 10. Ne4 {[%emt 0:05:25]} Bg7 {[%emt 0:04:18]} 11. f4 {[%emt 0:06:53]} Nd5 {[%emt 0:21:24]} 12. Ng5 {[%emt 0:04:34]} Ndb4 {[%emt 0:01:27]} 13. Nxe6 {[%emt 0:08:01]} fxe6 {[%emt 0:00:05]} 14. Kd1 {[%emt 0:00:37]} O-O {[%emt 0:07:01]} 15. Nf3 {[%emt 0:06:45]} h6 {[%emt 0:10:41]} 16. Qg4 {[%emt 0:02:40]} Qd5 {[%emt 0:02:22]} 17. e4 {[%emt 0:05:18]} Nxd3 {[%emt 0:03:16]} 18. Bxd3 $2 {[%emt 0:01:41]} (18. exd5 $16 {is forced if you want to stay better.} Nf2+ 19. Ke1 Nxg4 20. dxc6) 18... Qxd3 {[%emt 0:00:05]} 19. Qxe6+ {[%emt 0:00:30]} Kh7 {[%emt 0:00:31]} 20. Qh3 {[%emt 0:02:05]} Rad8 {[%emt 0:08:48]} 21. Ng5+ {[%emt 0:01:12]} Kg8 {[%emt 0:00:47]} 22. Qxd3 $15 {[%emt 0:00:18]} Rxd3 {[%emt 0:00:07]} 23. Ne6 {[%emt 0:00:15]} Rf6 {[%emt 0:01:09]} 24. Nxg7 {[%emt 0:00:15]} Rfd6 {[%emt 0:00:24]} 25. e5 {[%emt 0:01:07]} R6d5 {[%emt 0:01:41]} 26. Ne6 {[%emt 0:00:36]} Rxd2+ {[%emt 0:01:16]} 27. Kc1 {[%emt 0:00:31]} Rf2 {[%emt 0:01:14]} 28. g3 {[%emt 0:00:43]} Nb4 {[%emt 0:00:55]} 29. b3 {[%emt 0:00:39]} Rdd2 {[%emt 0:01:59]} 0-1

[Event "WYCC 2018 G18"]
[Site "Halkidiki"]
[Date "2018.10.21"]
[Round "2"]
[White "Nguyen, Hong Ngoc"]
[Black "Dimitrova, Aleksandra"]
[Result "0-1"]
[WhiteElo "1861"]
[BlackElo "2228"]
[Annotator "NA"]
[PlyCount "88"]
[EventDate "2018.10.20"]
[EventType "swiss"]
[EventCountry "GRE"]
[SourceTitle "playchess.com"]
[Source "ChessBase"]
[SourceQuality "1"]
[TimeControl "40/5400+30:1800+30"]

1. d4 {[%emt 0:00:00]} g6 {[%emt 0:00:00]} 2. e4 {[%emt 0:00:17]} Bg7 {[%emt 0:00:00]} 3. Nf3 {[%emt 0:00:19]} d6 {[%emt 0:00:07]} 4. c3 {[%emt 0:00:30]} e5 {[%emt 0:01:17]} 5. dxe5 {[%emt 0:03:35] B06: Moderne Verteidigung} dxe5 {[%emt 0:00:10]} 6. Qxd8+ {[%emt 0:00:36]} Kxd8 {[%emt 0:00:03]} 7. Bc4 {[%emt 0:01:46]} f6 {[%emt 0:05:22]} 8. O-O {[%emt 0:01:17]} Ke7 {[%emt 0:03:43]} 9. a4 {[%emt 0:03:01]} Nh6 {[%emt 0:02:33]} 10. h3 $146 {[%emt 0:02:24]} ({Vorgänger:} 10. Na3 Be6 11. a5 a6 12. b4 Nf7 {1-0 (61) Evdokimov,A (2503)-Chigladze,I (2342) Poti 2016}) 10... Nf7 {[%emt 0:01:04]} 11. Nbd2 {[%emt 0:03:49]} Nd6 {[%emt 0:01:19]} 12. Ba2 {[%emt 0:01:39]} Nd7 {[%emt 0:06:00]} 13. b4 {[%emt 0:02:26]} a5 {[%emt 0:01:47]} 14. Bb3 {[%emt 0:02:24]} b6 {[%emt 0:12:14]} 15. Ba3 {[%emt 0:03:50]} Bb7 {[%emt 0:06:13]} 16. Rfe1 {[%emt 0:01:48]} Kd8 {[%emt 0:05:31]} 17. Rad1 {[%emt 0:04:18]} axb4 {[%emt 0:11:30]} 18. cxb4 {[%emt 0:00:28]} b5 {[%emt 0:00:23]} 19. a5 {[%emt 0:01:02]} Bh6 {[%emt 0:03:00]} 20. Bc2 {[%emt 0:03:29]} Kc8 {[%emt 0:06:40]} 21. Nb3 $2 {[%emt 0:04:04]} (21. Nb1 $11 {und Weiss steht sicher.}) 21... Nc4 {[%emt 0:01:14]} 22. Bc1 {[%emt 0:00:36]} Bf8 {[%emt 0:00:10]} 23. Bd2 {[%emt 0:09:40]} Nxd2 {[%emt 0:00:39]} 24. Nfxd2 {[%emt 0:00:59]} Bxb4 {[%emt 0:00:09]} 25. Bd3 {[%emt 0:01:44]} Ba6 {[%emt 0:04:05]} 26. Be2 {[%emt 0:08:16]} h5 {[%emt 0:03:36]} 27. Rf1 {[%emt 0:04:47]} c5 {[%emt 0:03:19]} 28. f4 {[%emt 0:00:33]} c4 {[%emt 0:02:13]} 29. Nc1 {[%emt 0:00:40]} Rd8 {[%emt 0:01:51]} 30. fxe5 {[%emt 0:01:24]} Nxe5 {[%emt 0:00:56]} 31. Nf3 {[%emt 0:00:24]} Rxd1 {[%emt 0:00:56]} 32. Rxd1 {[%emt 0:00:12]} Bb7 {[%emt 0:01:33]} 33. g4 {[%emt 0:03:10]} h4 {[%emt 0:04:39]} 34. Kf1 {[%emt 0:05:11]} Bxe4 {[%emt 0:01:03]} 35. Nd4 {[%emt 0:00:20]} Rxa5 {[%emt 0:01:11]} 36. Ne6 {[%emt 0:00:31]} Kb7 {[%emt 0:00:48]} 37. Kf2 {[%emt 0:00:49]} Ra6 {[%emt 0:01:59]} 38. Nd4 {[%emt 0:01:29]} Bc5 {[%emt 0:00:50]} 39. Ke3 {[%emt 0:00:10]} Bc2 {[%emt 0:01:18]} 40. Rd2 {[%emt 0:00:00]} Ra3+ {[%emt 0:00:00]} 41. Kf2 $19 {[%emt 0:02:33]} Bd3 {[%emt 0:02:47]} 42. Ke3 {[%emt 0:01:30]} Bb1+ {[%emt 0:00:23]} 43. Kf2 {[%emt 0:00:20]} c3 {[%emt 0:00:42]} 44. Rd1 {[%emt 0:00:50]} Bc2 {[%emt 0:00:45]} 0-1

[Event "WYCC 2018 G18"]
[Site "Halkidiki"]
[Date "2018.10.21"]
[Round "2"]
[White "Muratova, Saltanat"]
[Black "Egyed, Judit"]
[Result "1-0"]
[WhiteElo "1859"]
[BlackElo "2089"]
[Annotator "NA"]
[PlyCount "73"]
[EventDate "2018.10.20"]
[EventType "swiss"]
[EventCountry "GRE"]
[SourceTitle "playchess.com"]
[Source "ChessBase"]
[SourceQuality "1"]
[TimeControl "40/5400+30:1800+30"]

1. e4 c6 2. Nc3 g6 3. Nf3 Bg7 4. Bc4 b5 5. Bb3 h6 6. O-O a5 7. a4 b4 8. Ne2 d6 9. d4 Qc7 10. Ng3 Ba6 11. Re1 e5 12. c3 Nd7 13. Be3 bxc3 14. bxc3 Ngf6 15. h3 Rb8 16. Rb1 c5 17. Qd2 Nb6 $18 (17... c4 $14 18. Bc2 Rxb1 19. Rxb1 h5) 18. dxe5 dxe5 19. Nxe5 c4 20. Bc2 O-O 21. Nf3 Rfd8 22. Nd4 Qd7 23. Bxh6 Nxa4 24. Bxa4 Rxb1 25. Bxd7 Bxh6 26. Qe2 Rxe1+ 27. Qxe1 Nxd7 28. Qa1 Nb8 29. Qxa5 Re8 30. h4 Bf4 31. Nge2 Bd6 32. h5 Kg7 33. Qg5 Bc8 34. h6+ Kg8 35. Qf6 Be5 36. h7+ Kxh7 37. Qxf7+ 1-0

[Event "WYCC 2018 G18"]
[Site "Halkidiki"]
[Date "2018.10.21"]
[Round "2"]
[White "Perminaite, Guoda"]
[Black "Radeva, Viktoria"]
[Result "0-1"]
[WhiteElo "1840"]
[BlackElo "2163"]
[Annotator "NA"]
[PlyCount "66"]
[EventDate "2018.10.20"]
[EventType "swiss"]
[EventCountry "GRE"]
[SourceTitle "playchess.com"]
[Source "ChessBase"]
[SourceQuality "1"]
[TimeControl "40/5400+30:1800+30"]

1. e4 {[%emt 0:00:00]} c5 {[%emt 0:00:00]} 2. c3 {[%emt 0:00:00]} d5 {[%emt 0:00:00]} 3. exd5 {[%emt 0:00:00]} Qxd5 {[%emt 0:00:00]} 4. d4 {[%emt 0:00:04]} Nc6 {[%emt 0:00:00]} 5. Nf3 {[%emt 0:00:16]} Bf5 {[%emt 0:00:07]} 6. Be3 {[%emt 0:03:31]} Nf6 {[%emt 0:01:43]} 7. Na3 {[%emt 0:00:56]} e6 {[%emt 0:10:53]} 8. dxc5 {[%emt 0:24:26]} Rd8 {[%emt 0:08:01]} 9. Qxd5 {[%emt 0:04:03]} ({Better is} 9. Qb3 $14) 9... Nxd5 {[%emt 0:01:46]} 10. Bd4 {[%emt 0:01:06]} f6 {[%emt 0:13:03]} 11. Nh4 {[%emt 0:05:22]} Bg4 $11 {[%emt 0:14:22]} 12. h3 {[%emt 0:02:34]} Bh5 {[%emt 0:01:11]} 13. g4 {[%emt 0:15:05]} Bf7 {[%emt 0:00:13]} 14. f3 {[%emt 0:01:19]} h5 {[%emt 0:06:27]} 15. Ng2 {[%emt 0:11:41]} g6 {[%emt 0:10:28]} 16. Bb5 {[%emt 0:03:41]} e5 {[%emt 0:02:07]} 17. Bf2 {[%emt 0:00:55]} hxg4 {[%emt 0:02:10]} 18. fxg4 {[%emt 0:00:20]} Nc7 {[%emt 0:04:53]} 19. Bc4 {[%emt 0:01:16]} Bd5 {[%emt 0:03:42]} 20. Bxd5 {[%emt 0:00:24]} Rxd5 {[%emt 0:00:13]} 21. Rd1 {[%emt 0:06:05]} Bxc5 {[%emt 0:03:17]} 22. Rxd5 {[%emt 0:00:28]} Bxf2+ {[%emt 0:00:05]} 23. Kxf2 {[%emt 0:00:10]} Nxd5 {[%emt 0:00:04]} 24. Nc4 {[%emt 0:00:35]} Ke7 {[%emt 0:00:42]} 25. h4 f5 {[%emt 0:01:18]} 26. Re1 {[%emt 0:03:51]} Ke6 {[%emt 0:02:14]} 27. Kg3 {[%emt 0:01:19]} e4 {[%emt 0:01:17]} 28. h5 {[%emt 0:01:31]} Ne5 {[%emt 0:08:09]} 29. Nxe5 {[%emt 0:06:03]} Kxe5 {[%emt 0:00:05]} 30. hxg6 {[%emt 0:01:28]} f4+ {[%emt 0:00:49]} 31. Kf2 {[%emt 0:00:13]} Nf6 {[%emt 0:02:09]} 32. g5 {[%emt 0:01:11]} Ng4+ {[%emt 0:01:04]} 33. Kf1 {[%emt 0:01:43]} f3 {[%emt 0:01:26]} 0-1

[Event "WYCC 2018 G18"]
[Site "Halkidiki"]
[Date "2018.10.21"]
[Round "2"]
[White "Cosme Contreras, Trilce"]
[Black "Li, Yilin"]
[Result "1-0"]
[WhiteElo "1829"]
[BlackElo "1993"]
[Annotator "NA"]
[PlyCount "71"]
[EventDate "2018.10.20"]
[EventType "swiss"]
[EventCountry "GRE"]
[SourceTitle "playchess.com"]
[Source "ChessBase"]
[SourceQuality "1"]
[TimeControl "40/5400+30:1800+30"]

1. d4 {[%emt 0:00:00]} d5 {[%emt 0:00:00]} 2. c4 {[%emt 0:00:00]} e6 {[%emt 0:00:00]} 3. Nc3 {[%emt 0:00:00]} c6 {[%emt 0:00:00]} 4. e4 {[%emt 0:02:59]} dxe4 {[%emt 0:00:09]} 5. Nxe4 {[%emt 0:00:11]} Bb4+ {[%emt 0:00:07]} 6. Bd2 {[%emt 0:01:08]} Qxd4 {[%emt 0:00:04]} 7. Bxb4 {[%emt 0:00:04]} Qxe4+ {[%emt 0:00:08]} 8. Be2 {[%emt 0:01:34]} Na6 {[%emt 0:01:15]} 9. Ba5 {[%emt 0:03:04]} b6 {[%emt 0:00:03]} 10. Qd6 {[%emt 0:08:16]} bxa5 {[%emt 0:39:22]} (10... Bd7 $5 {[%cal Rb6a5]} 11. Bc3 f6 $14) 11. Rd1 {[%emt 0:09:28]} f6 {[%emt 0:07:53]} 12. f3 {[%emt 0:03:32]} Qe3 {[%emt 0:05:47]} 13. Qxc6+ $11 {[%emt 0:00:56]} Kf7 {[%emt 0:00:51]} 14. Qxa8 {[%emt 0:00:48]} Ne7 {[%emt 0:03:20]} 15. Qe4 {[%emt 0:09:54]} Nf5 {[%emt 0:05:22]} 16. g4 {[%emt 0:01:31]} Nc5 {[%emt 0:02:27]} 17. Qxe3 {[%emt 0:03:06]} Nxe3 {[%emt 0:00:03]} 18. Rd2 {[%emt 0:00:26]} Bb7 {[%emt 0:13:18]} 19. h3 {[%emt 0:01:28]} Ng2+ {[%emt 0:02:17]} 20. Kf2 {[%emt 0:00:39]} Nf4 {[%emt 0:00:35]} 21. h4 {[%emt 0:02:02]} Ke7 {[%emt 0:07:30]} 22. Nh3 {[%emt 0:01:50]} Nxh3+ {[%emt 0:01:04]} 23. Rxh3 {[%emt 0:00:06]} e5 {[%emt 0:00:03]} 24. Rh1 {[%emt 0:00:47]} h5 {[%emt 0:04:49]} 25. g5 {[%emt 0:09:05]} fxg5 {[%emt 0:02:23]} 26. hxg5 {[%emt 0:00:06]} Ke6 {[%emt 0:00:36]} 27. Ke3 {[%emt 0:08:38]} Kf5 {[%emt 0:01:32]} 28. Rd6 {[%emt 0:00:59]} h4 {[%emt 0:01:09]} 29. Bf1 {[%emt 0:01:56]} Rh7 {[%emt 0:01:18]} 30. Bh3+ {[%emt 0:00:50]} Kxg5 {[%emt 0:00:02]} 31. Rg1+ {[%emt 0:00:03]} Kh5 {[%emt 0:00:11]} 32. Bg4+ {[%emt 0:00:03]} Kg5 {[%emt 0:00:03]} 33. Bd7+ {[%emt 0:00:08]} Kh5 {[%emt 0:00:34]} 34. Be8+ {[%emt 0:00:06]} g6 {[%emt 0:00:05]} 35. Bxg6+ {[%emt 0:00:04]} Kh6 {[%emt 0:00:05]} 36. Be8+ {[%emt 0:00:14] Kg6} 1-0